Top 10 der betroffenen Covid-19-Länder - 9. April - Statistiken

Allgemein
  • Dieses Quiz wurde 54 mal gespielt
  • Das Durchschnittsergebnis liegt bei 10 aus 14
Antwortstatistiken
Rate pro
Million
Land % Korrekt
China
98%
1394 Deutschland
98%
1397 Vereinigte Staaten
98%
2375 Italien
94%
3261 Spanien
94%
1804 Frankreich
84%
Vereinigtes Königreich
71%
1471 Österreich
65%
2778 Schweiz
65%
1369 Portugal
55%
Türkei
41%
2156 Belgien
39%
Iran
39%
1331 Irland
24%
Keine übereinstimmenden Quizze gefunden
Verteilung der Resultate
Anzahl Personen mit jedem Resultat
Perzentil nach korrekt beantworteten Fragen
Ihre Resultats-Entwicklung
Sie haben dieses Quiz noch nicht gespielt